| 000 | 00905nam a2200217 a 4500 | ||
|---|---|---|---|
| 001 | BRCA_1886 | ||
| 005 | 20190320203605.0 | ||
| 008 | 130608s2005----mx a---###---#000-0#spa-# | ||
| 020 | _a9681211898 | ||
| 050 | 4 |
_aN8080.J8 _b.A43 2005 |
|
| 100 | 1 |
_aAlberro, Solange _94205 |
|
| 245 | 1 | 0 |
_aApuntes para la historia de la Orden Hospitalaria de San Juan de Dios en la Nueva España México, 1604-2004 _cSolange Alberro. |
| 260 |
_aMéxico _bEl Colegio de México : Orden Hospitalaria de San Juan de Dios _c2005 |
||
| 300 |
_a311 p. _bil. a color _c22 cm. |
||
| 500 | _a2do. ejemplar en el Área de Investigación | ||
| 504 | _aBibliografía : p. 305-311 | ||
| 610 | 2 | 4 |
_aOrden Hospitalaria de San Juan de Dios _xHistoria _yColonia, 1540-1810 _zAmérica _95827 |
| 610 | 2 | 4 |
_aOrden Hospitalaria de San Juan de Dios _xHistoria _ySiglo XIX _zAmérica _95828 |
| 653 | 0 | _aOrdenes religiosas en México | |
| 942 |
_2lcc _cB |
||
| 999 |
_c1662 _d1662 |
||